Imiona piłkarzy Fifa 23 - Statystyki

Ogólne statystyki
  • Ten quiz został rozwiązany 2 087 razy
  • Średni wynik to 13 z 15
Statystyki odpowiedzi
Nazwisko Imię % Poprawnych
Lewandowski Robert
100%
Ronaldo Cristiano
98%
Benzema Karim
97%
Messi Lionel
96%
Kane Harry
95%
Mbappe Kylian
95%
Modrić Luka
94%
Haaland Erling
92%
Salah Mohamed
90%
Mane Sadio
90%
Neuer Manuel
88%
Alaba David
79%
Ter-Stegen Marc
76%
Goretzka Leon
75%
Canelo Joao
68%
Nie znaleziono quizów pasujących do podanych kryteriów
Rozkład punktacji
Procent ludzi z każdym wynikiem
Percentyl według liczby udzielonych odpowiedzi
Twoja historia wyników
Nie rozwiązałeś tego quizu